000 00278nam a22001337a 4500
008 170220b xxu||||| |||| 00| 0 eng d
020 _a2901416046638O
041 _aeng
080 _26TH
_a615
100 _a5
101 _aSHF
245 _aPHARMACOLOGY
_cKEE
942 _2udc
_cBK
999 _c5864
_d5864